000 00404nam a2200097Ia 4500
005 20250424112841.0
008 250424s9999 xx 000 0 und d
300 _a241 p. ; 28 cm.
650 _aElectronic data processing--Research--Periodicals. Information storage and retrieval systems--Research--Periodicals. Computers--Research--Periodicals. Information technology--Research--Periodicals.
942 _cSR
999 _c37497
_d37497